000 00896nam a22002897a 4500
001 4760
003 FISKH
005 20250829143156.0
008 241009b cb ||||| |||| 00| 0 eng d
020 _a9780590438438
040 _aFISKH
_beng
_cFISKH
_dFISKH
050 _aPZ7.B7633
082 _a152.4
100 _aBridwell, Norman
_d(1928–2014)
245 _aClifford, we love you /
_cNorman Bridwell
250 _aFirst printing in 1991
260 _aNew York :
_bScholastic,
_c1991.
300 _a30 pages
_bcolor illustrations ;
_c21 cm
505 _aG
520 _aWhen Clifford, the big red dog, is feeling sad, Emily Elizabeth and her friends do everything they can think of to cheer him up.
521 8 _a350
_bLexile
521 8 _aG
_bRaz-Plus
650 _2Clifford
_aFriendship
_vFeelings
650 _2Valentines
_aDogs
942 _2ddc
_cBK
_n0
999 _c4760
_d4760